00235 a2200109 4500001000700000020000600007040001100013100002100024240003800045245003300083362000900116166877 a  cMagnum aBienfait, Marcel10aFisiologia da terapia manuallpor10aFisiologia da terapia manual0 a1899